[Event "Lliga Catalana eq. DH"]
[Site "?"]
[Date "2014.03.01"]
[Round "6.7"]
[White "Castellet Giralt, G."]
[Black "Ducarmon, Q."]
[Result "0-1"]
[WhiteElo "2293"]
[BlackElo "2411"]
[PlyCount "57"]
[EventDate "2014.??.??"]
[EventType "team"]
[EventCountry "ESP"]

1. d4 d5 2. c4 c6 3. cxd5 cxd5 4. Nc3 e5 5. e3 e4 6. Nge2 Nf6 7. Nf4 Nc6 8. Qb3
Na5 9. Bb5+ Bd7 10. Qa4 Nc6 11. O-O Bd6 12. Qd1 a6 13. Be2 Ne7 14. Qb3 Bc6 15.
Nh5 Nxh5 16. Bxh5 Nf5 17. Nxe4 Bxh2+ 18. Kxh2 Qh4+ 19. Kg1 Qxh5 20. Nc5 Nh4 21.
f3 O-O 22. Nd3 Rfd8 23. Rf2 Rd6 24. Nf4 Qg5 25. Nh3 Qg3 26. Nf4 Rh6 27. Bd2 Ng6
28. Nxg6 Qh2+ 29. Kf1 0-1

[Event "Lliga Catalana eq. DH"]
[Site "?"]
[Date "2014.03.01"]
[Round "6.7"]
[White "Fernandez Fuentes, FX."]
[Black "Avila Jimenez, X."]
[Result "0-1"]
[WhiteElo "2244"]
[BlackElo "2307"]
[PlyCount "70"]
[EventDate "2014.??.??"]
[EventType "team"]
[EventCountry "ESP"]

1. e4 c6 2. d4 d5 3. exd5 cxd5 4. c4 Nf6 5. Nc3 Nc6 6. Bg5 dxc4 7. Bxc4 h6 8.
Bxf6 exf6 9. Nge2 Bd6 10. O-O O-O 11. Qd2 Bf5 12. Rad1 Re8 13. Bd3 Qd7 14. Bxf5
Qxf5 15. Ng3 Qd7 16. Nge4 Bc7 17. Qxh6 Qg4 18. Nxf6+ gxf6 19. Nd5 Bd8 20. Rd3
Nxd4 21. Rh3 Qg7 22. Qd2 Bb6 23. Nxb6 Ne2+ 24. Kh1 axb6 25. Re1 Nf4 26. Rg3
Rxe1+ 27. Qxe1 Ng6 28. f4 f5 29. h4 Qf6 30. Rg5 Kf8 31. h5 Ne7 32. Qh4 Qxb2 33.
h6 Ng6 34. Qh5 Qc1+ 35. Kh2 Qxf4+ 0-1

[Event "Lliga Catalana eq. DH"]
[Site "?"]
[Date "2014.03.01"]
[Round "6.7"]
[White "Quintas Galeano, L."]
[Black "Pinsach Gelabert, A."]
[Result "0-1"]
[WhiteElo "2222"]
[BlackElo "2295"]
[PlyCount "114"]
[EventDate "2014.??.??"]
[EventType "team"]
[EventCountry "ESP"]

1. e4 e5 2. Nf3 Nc6 3. Bb5 a6 4. Ba4 Nf6 5. O-O b5 6. Bb3 Bb7 7. d3 Be7 8. Re1
O-O 9. a4 d6 10. axb5 axb5 11. Rxa8 Qxa8 12. Na3 b4 13. Nc4 Nd4 14. Nxd4 exd4
15. Bd2 d5 16. exd5 Bc5 17. Qa1 Qd8 18. Na5 Bxd5 19. Bxd5 Qxd5 20. Nc4 Ra8 21.
Qd1 Bd6 22. Qf3 Bf8 23. Qxd5 Nxd5 24. g3 f6 25. Kg2 Bc5 26. Kf3 Kf7 27. h4 Ra2
28. Re2 Nb6 29. Nxb6 cxb6 30. Bc1 b3 31. cxb3 Ra5 32. Bd2 Rb5 33. b4 Bxb4 34.
Bxb4 Rxb4 35. Rc2 f5 36. Ke2 Ke6 37. Kd1 Rb5 38. f4 Rc5 39. Re2+ Kf7 40. Kd2
Kg6 41. Re6+ Kh5 42. Rxb6 Rc7 43. Rb5 Kg4 44. Rd5 g6 45. Rxd4 Kxg3 46. b4 Kxh4
47. Ke3 Kg3 48. b5 Re7+ 49. Kd2 h5 50. b6 h4 51. Rb4 Rb7 52. Ke3 h3 53. Rb1 h2
54. d4 Kg2 55. Rb2+ Kh3 56. Rb1 Rxb6 57. Rxb6 h1=Q 0-1

[Event "Lliga Catalana eq. DH"]
[Site "?"]
[Date "2014.03.01"]
[Round "6.7"]
[White "Rechi Perez, F."]
[Black "Garcia Jimenez, FJ."]
[Result "0-1"]
[WhiteElo "2024"]
[BlackElo "2362"]
[PlyCount "50"]
[EventDate "2014.??.??"]
[EventType "team"]
[EventCountry "ESP"]

1. e4 d5 2. exd5 Qxd5 3. Nc3 Qd6 4. Nf3 Nf6 5. Be2 a6 6. h3 Nc6 7. a3 Bf5 8. d3
e5 9. Be3 h6 10. Nd2 O-O-O 11. Bf3 Qe6 12. g4 Bg6 13. Qe2 Be7 14. O-O-O Rhe8
15. Kb1 Bf8 16. Rhe1 Qd7 17. Qf1 Nd4 18. Bh1 Nxc2 19. Qg2 c6 20. Kxc2 Qxd3+ 21.
Kb3 Rd5 22. Ka2 Ra5 23. Qf1 Rxa3+ 24. bxa3 Qc2+ 25. Ka1 Qxc3+ 0-1

[Event "Lliga Catalana eq. DH"]
[Site "?"]
[Date "2014.03.01"]
[Round "6.8"]
[White "De la Riva Aguado, J."]
[Black "Ibañez Tarradellas, E."]
[Result "0-1"]
[WhiteElo "2326"]
[BlackElo "2400"]
[PlyCount "114"]
[EventDate "2014.??.??"]
[EventType "team"]
[EventCountry "ESP"]

1. d4 d5 2. Nf3 Nc6 3. e3 Bg4 4. Be2 e6 5. Nbd2 Bd6 6. c4 Nf6 7. b3 O-O 8. Bb2
Ne4 9. c5 Be7 10. Nxe4 dxe4 11. Nd2 Bxe2 12. Qxe2 Qd5 13. O-O f5 14. f3 exf3
15. Nxf3 Rad8 16. Rac1 Bf6 17. Rfd1 g5 18. Bc3 Rf7 19. b4 Rfd7 20. b5 Ne7 21.
Ba1 g4 22. Ne1 c6 23. a4 Qb3 24. bxc6 Nxc6 25. Rb1 Qxa4 26. Rdc1 Ne7 27. Nd3
Qc6 28. Bc3 Qe4 29. Nf2 Qd5 30. e4 Qc6 31. d5 exd5 32. e5 Qe6 33. Re1 Bg5 34.
Bd2 Bxd2 35. Qxd2 d4 36. Nd3 Nd5 37. Rxb7 Ne3 38. Rbb1 Rc8 39. Rbc1 Qd5 40. Re2
h5 41. Rf2 a5 42. Rf4 h4 43. Qf2 Rg7 44. Rb1 g3 45. Qf3 gxh2+ 46. Kxh2 Rxg2+
47. Kh1 Rd2 48. Rb3 Qxf3+ 49. Rxf3 a4 50. Ra3 Rb8 51. Nf2 Rb1+ 52. Kh2 Ng4+ 53.
Kg2 h3+ 54. Rxh3 Rxf2+ 55. Kg3 Rb3+ 56. Kh4 Rxh3+ 57. Kxh3 Nxe5 0-1

[Event "Lliga Catalana eq. DH"]
[Site "?"]
[Date "2014.03.01"]
[Round "6.8"]
[White "Ezquerro Luque, A."]
[Black "Garcia Pichon, E."]
[Result "0-1"]
[WhiteElo "2201"]
[BlackElo "2260"]
[PlyCount "122"]
[EventDate "2014.??.??"]
[EventType "team"]
[EventCountry "ESP"]

1. e4 c5 2. Nc3 a6 3. g3 b5 4. Bg2 Bb7 5. Nge2 e6 6. d3 d5 7. O-O d4 8. Nb1 Nc6
9. Nd2 Be7 10. h3 g5 11. f4 h5 12. fxg5 Bxg5 13. Nf3 Be3+ 14. Bxe3 dxe3 15. c3
Nf6 16. Qc2 Rg8 17. Rad1 Qa5 18. a3 O-O-O 19. Qc1 c4 20. Nfd4 cxd3 21. Rxd3 Ne5
22. Rxe3 Nfd7 23. b3 Kb8 24. Qb2 Qb6 25. Kh1 Nc5 26. Nc1 Rg7 27. Qf2 Rdg8 28.
Qf4 Qc7 29. Rd1 Ncd7 30. Nde2 Nc5 31. Qf2 Qb6 32. Kg1 Ka8 33. Nf4 h4 34. b4
hxg3 35. Qd2 Nxe4 36. Qd4 Qxd4 37. Rxd4 f5 38. Nxe6 Re7 39. Nf4 Nc4 40. Re1
Nxa3 41. Re3 Nc2 42. Rdd3 Nxe3 43. Rxe3 Rc8 44. Nce2 Rg7 45. Nh5 Rg5 46. Bxe4
Bxe4 47. Nhxg3 Rd8 48. Kf2 Rh8 49. Nxe4 fxe4 50. Nf4 Rf5 51. Rxe4 Rxh3 52. Ke2
Rxc3 53. Nd3 Rc4 54. Re6 Ka7 55. Re7+ Kb6 56. Ke3 Rh5 57. Re6+ Rc6 58. Re7 Rh3+
59. Ke2 Rc2+ 60. Kd1 Ra2 61. Ne1 Rhh2 0-1

[Event "Lliga Catalana eq. DH"]
[Site "?"]
[Date "2014.03.01"]
[Round "6.8"]
[White "Jose Abril, R."]
[Black "Bru Rull, L."]
[Result "1-0"]
[WhiteElo "2397"]
[BlackElo "2263"]
[PlyCount "55"]
[EventDate "2014.??.??"]
[EventType "team"]
[EventCountry "ESP"]

1. d4 d5 2. c4 c6 3. cxd5 cxd5 4. Bf4 Bf5 5. Nc3 Nc6 6. e3 Nf6 7. Rc1 e6 8. Qb3
Qd7 9. Nf3 Ne4 10. Nxe4 Bxe4 11. Ne5 Qe7 12. Rxc6 bxc6 13. Nxc6 Bc2 14. Qxc2
Qd7 15. Qb3 Bd6 16. Ne5 Qc7 17. Bb5+ Kf8 18. O-O g6 19. e4 dxe4 20. Rc1 Qa5 21.
Nd7+ Ke7 22. Bg5+ Ke8 23. Nb6+ Kf8 24. Nxa8 Kg7 25. d5 Rd8 26. Qc3+ Qxc3 27.
bxc3 exd5 28. Bc6 1-0

[Event "Lliga Catalana eq. DH"]
[Site "?"]
[Date "2014.03.01"]
[Round "6.8"]
[White "Lopez Agustench, E."]
[Black "Velasco Blasco, JM."]
[Result "1/2-1/2"]
[WhiteElo "2224"]
[BlackElo "2317"]
[PlyCount "105"]
[EventDate "2014.??.??"]
[EventType "team"]
[EventCountry "ESP"]

1. d4 d5 2. Nf3 Nc6 3. Bf4 Bg4 4. e3 e6 5. Be2 Bd6 6. Bg3 Nge7 7. Nbd2 Nf5 8.
a3 Bxg3 9. hxg3 Qd6 10. c4 O-O-O 11. b4 e5 12. cxd5 exd4 13. e4 Rhe8 14. O-O d3
15. Bxd3 Ne5 16. Be2 Bxf3 17. Nxf3 Nh6 18. Qd4 Kb8 19. Rac1 f5 20. Nxe5 Rxe5
21. Bf3 fxe4 22. Bxe4 Ng4 23. Bf3 Nf6 24. Rfe1 Rxe1+ 25. Rxe1 c6 26. Re5 cxd5
27. Rg5 Qc7 28. Qd2 b6 29. a4 a6 30. a5 b5 31. Rf5 Qd7 32. g4 h6 33. Qd4 Qc7
34. g3 Qd6 35. g5 hxg5 36. Rxg5 Rd7 37. Re5 Rc7 38. Be2 Rc1+ 39. Kg2 Rb1 40.
Qf4 Rxb4 41. Qf5 Re4 42. Rxe4 dxe4 43. Qg5 Qc7 44. Qh4 Ka7 45. Qg5 b4 46. Qe3+
Kb8 47. Bxa6 Qxa5 48. Bc4 Qc7 49. Qd4 Qd7 50. Qb6+ Qb7 51. Qd8+ Ka7 52. Qa5+
Kb8 53. Qd8+ 1/2-1/2

[Event "Lliga Catalana eq. DH"]
[Site "?"]
[Date "2014.03.01"]
[Round "6.8"]
[White "Obon Temprano, S."]
[Black "Casanovas Cantarero, E."]
[Result "1-0"]
[WhiteElo "2365"]
[BlackElo "1916"]
[PlyCount "99"]
[EventDate "2014.??.??"]
[EventType "team"]
[EventCountry "ESP"]

1. e4 d5 2. exd5 Qxd5 3. Nc3 Qa5 4. Bc4 Nf6 5. d3 c6 6. Bd2 Nbd7 7. Qe2 e6 8.
Nf3 Bb4 9. O-O O-O 10. a3 Bxc3 11. Bxc3 Qc7 12. Rfe1 b5 13. Ba2 Bb7 14. Ne5 Nd5
15. Bxd5 cxd5 16. Nxd7 Qxd7 17. Qe5 f6 18. Qxe6+ Qxe6 19. Rxe6 Rfd8 20. Re7 Bc6
21. Rae1 Re8 22. f3 a6 23. Kf2 h6 24. Rxe8+ Rxe8 25. Rxe8+ Bxe8 26. Ke3 Kf7 27.
Kd4 Ke6 28. Kc5 g5 29. Kb6 h5 30. Kxa6 f5 31. Kb6 g4 32. f4 h4 33. b3 h3 34.
gxh3 gxh3 35. Kc5 Bh5 36. Kxb5 Bd1 37. b4 Bxc2 38. d4 Kd6 39. a4 Kc7 40. a5
Bd3+ 41. Kc5 Bc4 42. b5 Kb7 43. a6+ Ka7 44. Kc6 Kb8 45. Bb4 Ka8 46. Bc5 Kb8 47.
a7+ Ka8 48. b6 Ba6 49. Kxd5 Bb7+ 50. Ke6 1-0

[Event "Lliga Catalana eq. DH"]
[Site "?"]
[Date "2014.03.01"]
[Round "6.8"]
[White "Serra Pages, J."]
[Black "Codina Garcia, J."]
[Result "1-0"]
[WhiteElo "2291"]
[BlackElo "2219"]
[PlyCount "81"]
[EventDate "2014.??.??"]
[EventType "team"]
[EventCountry "ESP"]

1. d4 d5 2. c4 e6 3. Nc3 c6 4. g3 Nf6 5. Bg2 Nbd7 6. Nf3 dxc4 7. O-O Be7 8. a4
O-O 9. e4 h6 10. Qe2 c5 11. d5 e5 12. Nd2 Ne8 13. Nxc4 Nd6 14. f4 Nxc4 15. Qxc4
Bd6 16. Nb5 Qe7 17. Be3 b6 18. a5 Bb7 19. a6 Bc8 20. Bh3 Nf6 21. Bxc8 Rfxc8 22.
f5 Ne8 23. Rf3 f6 24. g4 Nc7 25. Nxd6 Qxd6 26. h4 Kf7 27. Kg2 Rh8 28. Rg3 Ke7
29. Rg1 Raf8 30. g5 hxg5 31. hxg5 Rf7 32. b4 cxb4 33. Bd2 b5 34. Qxb4 Nxa6 35.
Qxd6+ Kxd6 36. Ra1 Nc5 37. Bb4 Rc8 38. Ra6+ Kd7 39. Rxa7+ Ke8 40. Rxf7 Kxf7 41.
Rc3 1-0

[Event "Lliga Catalana eq. DH"]
[Site "?"]
[Date "2014.03.01"]
[Round "6.8"]
[White "Tallo Dominguez, I."]
[Black "Gonzalez Hernandez, F."]
[Result "1/2-1/2"]
[WhiteElo "2338"]
[BlackElo "2267"]
[PlyCount "99"]
[EventDate "2014.??.??"]
[EventType "team"]
[EventCountry "ESP"]

1. e4 c5 2. Nf3 Nc6 3. Bb5 g6 4. Bxc6 dxc6 5. d3 Bg7 6. h3 Nh6 7. Nc3 f6 8. Be3
b6 9. Nh2 e5 10. f4 Nf7 11. h4 Be6 12. h5 Qd7 13. Qf3 O-O-O 14. O-O-O f5 15. g3
Rhe8 16. Na4 Qc7 17. a3 Kb8 18. Qf2 fxe4 19. hxg6 hxg6 20. dxe4 Nd6 (20...
Rxd1+) 21. Qf3 Nc4 22. Bf2 Rxd1+ 23. Rxd1 exf4 24. gxf4 Bh6 25. Bg3 Rf8 26. b3
Bxf4+ 27. Bxf4 Rxf4 28. Qc3 Rf2 (28... Nxa3 $19) (28... Rxe4 $19) 29. bxc4 Rxh2
30. Qf6 Bxc4 31. Rd8+ Kb7 32. e5 Rf2 33. Qh8 Rf1+ 34. Kb2 Rf7 (34... Re1) (
34... Rf5) 35. Nc3 Re7 36. Ne4 Qxe5+ $2 37. Qxe5 Rxe5 38. Nd6+ Kc7 39. Nxc4 Re4
40. Nd2 Kxd8 41. Nxe4 Kd7 42. Kc3 Ke6 43. Kd3 Ke5 44. c4 Ke6 45. a4 a5 46. Ke3
Ke5 47. Ng5 b5 48. Nf7+ Ke6 49. Nd8+ Kd7 50. Nb7 1/2-1/2

[Event "Lliga Catalana eq. DH"]
[Site "?"]
[Date "2014.03.01"]
[Round "6.9"]
[White "Arias Boo, G."]
[Black "Lopez Santana, O."]
[Result "1/2-1/2"]
[WhiteElo "2392"]
[BlackElo "2279"]
[PlyCount "96"]
[EventDate "2014.??.??"]
[EventType "team"]
[EventCountry "ESP"]

1. d4 e6 2. c4 Nf6 3. Nf3 c5 4. d5 exd5 5. cxd5 d6 6. Nc3 g6 7. e4 Bg7 8. h3
O-O 9. Bd3 b5 10. Bxb5 Nxe4 11. Nxe4 Qa5+ 12. Nfd2 Qxb5 13. Nxd6 Qa6 14. N2c4
Nd7 15. O-O Ne5 16. Nxe5 Qxd6 17. Nc4 Qa6 18. Ne3 Bb7 19. Qc2 Bd4 20. Rd1 Rfd8
21. Bd2 Bxd5 22. Nxd5 Rxd5 23. Be3 Rad8 24. Bxd4 cxd4 25. Qd3 Qxd3 26. Rxd3 Rb8
27. b3 Rc8 28. Rad1 Rc2 29. R1d2 Rc1+ 30. Kh2 Ra1 31. Kg3 f5 32. Rc2 Rd7 33. b4
Kf7 34. a3 Kf6 35. f4 Re1 36. Rc4 Re4 37. Kf3 h5 38. g4 hxg4+ 39. hxg4 Ke6 40.
a4 a6 41. Rc5 Rd6 42. a5 Re1 43. g5 Re4 44. b5 axb5 45. Rxb5 Re1 46. Kf2 Re4
47. Kf3 Re1 48. Rb4 Ra1 1/2-1/2

[Event "Lliga Catalana eq. DH"]
[Site "?"]
[Date "2014.03.01"]
[Round "6.9"]
[White "Dougas Chavarria, N."]
[Black "Diaz Camallonga, C."]
[Result "0-1"]
[WhiteElo "2018"]
[BlackElo "2314"]
[PlyCount "78"]
[EventDate "2014.??.??"]
[EventType "team"]
[EventCountry "ESP"]

1. e4 e6 2. d4 d5 3. Nd2 c5 4. exd5 Qxd5 5. Ngf3 cxd4 6. Bc4 Qd6 7. O-O Nf6 8.
Nb3 Nc6 9. Nbxd4 Nxd4 10. Qxd4 Qxd4 11. Nxd4 Bd7 12. Re1 Rc8 13. Bd3 Bc5 14.
Nb3 Bb6 15. h3 O-O 16. Bg5 Bc6 17. Rad1 Rfd8 18. c3 a5 19. Bc2 Bd5 20. a3 h6
21. Be3 Bxe3 22. Rxe3 b6 23. Red3 Kf8 24. Nd4 Ke7 25. Ba4 g6 26. f3 Ba8 27. Kf2
g5 28. Nc2 (28. Bb5 $1) 28... Rxd3 29. Rxd3 h5 30. Ne3 Bc6 31. Bxc6 Rxc6 32.
Rd4 Nd7 33. Nc4 $2 (33. h4 $142) 33... f6 34. Ne3 Ne5 35. g3 Ng6 36. f4 Rc5 37.
Nc4 (37. fxg5) 37... Rc6 38. fxg5 fxg5 39. Kf3 $4 (39. a4 $36) 39... Rxc4 0-1

[Event "Lliga Catalana eq. DH"]
[Site "?"]
[Date "2014.03.01"]
[Round "6.9"]
[White "Fernandez Alonso, MA."]
[Black "Argemi Bartolome, R."]
[Result "1-0"]
[WhiteElo "2214"]
[BlackElo "2084"]
[PlyCount "61"]
[EventDate "2014.??.??"]
[EventType "team"]
[EventCountry "ESP"]

1. d4 Nf6 2. c4 c5 3. Nf3 g6 4. g3 Bg7 5. Bg2 O-O 6. O-O cxd4 7. Nxd4 Nc6 8.
Nc3 a6 9. b3 Nxd4 10. Qxd4 Nh5 11. Qd2 d6 12. Bb2 Rb8 13. Rfd1 Be6 14. Nd5 b5
15. Bxg7 Nxg7 16. Nb4 Qb6 17. Nc6 Rbe8 18. cxb5 Qxb5 19. Rac1 Bg4 20. Nd4 Qh5
21. Rc4 e5 22. Nf3 e4 23. Nd4 d5 24. Rc6 Ne6 25. f3 Nxd4 26. fxg4 Qxg4 27. Qxd4
Qxe2 28. Rd2 Qe1+ 29. Bf1 Rd8 30. Rc5 Rfe8 31. Rd1 1-0

[Event "Lliga Catalana eq. DH"]
[Site "?"]
[Date "2014.03.01"]
[Round "6.9"]
[White "Gorgues Valle, JM."]
[Black "Castillo Escario, Y."]
[Result "0-1"]
[WhiteElo "1910"]
[BlackElo "2161"]
[PlyCount "82"]
[EventDate "2014.??.??"]
[EventType "team"]
[EventCountry "ESP"]

1. e4 e5 2. Nf3 Nc6 3. Bb5 a6 4. Ba4 Nf6 5. d4 exd4 6. O-O Be7 7. Re1 O-O 8. c3
dxc3 9. Nxc3 b5 10. Bc2 d6 11. h3 Bb7 12. Nd5 Nxd5 13. exd5 Nb4 14. Bb3 a5 15.
a3 Na6 16. Be3 Qd7 17. Rc1 Nc5 18. Ba2 Rfe8 19. Qc2 b4 20. Bb1 g6 21. Qd1 Rac8
22. axb4 axb4 23. Bxc5 dxc5 24. Ba2 Bd6 25. Bb3 Rxe1+ 26. Nxe1 Qf5 27. Qd3 Qe5
28. Nf3 Qxb2 29. Rb1 Ba6 30. Qd1 Qe2 31. Qxe2 Bxe2 32. Nd2 Bd3 33. Rd1 Bb5 34.
Nc4 Re8 35. f3 Bg3 36. Nd2 Kg7 37. Ne4 Bf4 38. Kf2 c4 39. Bc2 f5 40. g3 Bh6 41.
Nd2 c3 0-1

[Event "Lliga Catalana eq. DH"]
[Site "?"]
[Date "2014.03.01"]
[Round "6.9"]
[White "Soler Rionegro, A."]
[Black "Subirachs Mancebo, G."]
[Result "0-1"]
[WhiteElo "2079"]
[BlackElo "2213"]
[PlyCount "96"]
[EventDate "2014.??.??"]
[EventType "team"]
[EventCountry "ESP"]

1. e4 c5 2. Nf3 Nc6 3. Nc3 e6 4. Bb5 Nd4 5. Bd3 Ne7 6. O-O Ng6 7. Nxd4 cxd4 8.
Ne2 Bc5 9. f4 O-O 10. b3 d5 11. Kh1 dxe4 12. Bxe4 f5 13. Bd3 Nh4 14. Ng1 b5 15.
Be2 Bb7 16. Nf3 Ng6 17. d3 Qd5 18. Rf2 Rac8 19. Ne1 e5 20. fxe5 Qxe5 21. Nf3
Qd5 22. Bd2 Rce8 23. Qf1 Bd6 24. Re1 Bc7 25. Bb4 Rf6 26. Bd1 Rxe1 27. Qxe1 Re6
28. Re2 Nf4 29. Rxe6 Nxe6 30. Kg1 Bf4 31. Bd2 Bxd2 32. Qxd2 h6 33. Qf2 g6 34.
Nh4 Ng5 35. Bf3 Nxf3+ 36. Nxf3 g5 37. Qxd4 Qc6 38. c3 a5 39. Qd8+ Kg7 40. Qe7+
Kg8 41. Qd8+ Kg7 42. Qe7+ Kg8 43. Qd8+ Kg7 44. Qd4+ Kg8 45. c4 bxc4 46. dxc4 a4
47. b4 a3 48. c5 Qd5 0-1

[Event "Lliga Catalana eq. DH"]
[Site "?"]
[Date "2014.03.01"]
[Round "6.9"]
[White "Valencia Jimenez, J."]
[Black "Gutierrez Clares, J."]
[Result "0-1"]
[WhiteElo "2221"]
[BlackElo "2321"]
[PlyCount "84"]
[EventDate "2014.??.??"]
[EventType "team"]
[EventCountry "ESP"]

1. d4 Nf6 2. c4 g6 3. Nf3 Bg7 4. g3 O-O 5. Bg2 d6 6. O-O c6 7. Nc3 Qb6 8. Qc2
Qa6 9. b3 b5 10. Nd2 Bb7 11. e4 Nfd7 12. Ne2 bxc4 13. Nxc4 c5 14. Bb2 cxd4 15.
Nxd4 Ne5 16. Rfc1 Rc8 17. Bf1 Nxc4 18. Bxc4 Qb6 19. Qd2 Nd7 20. Bd5 Nc5 21.
Bxb7 Qxb7 22. f3 Qa6 23. Rc4 Nd7 24. Rxc8+ Rxc8 25. Kg2 Ne5 26. Ne2 Bh6 27. f4
Qb7 28. Qd4 Rc2 29. Kf1 Bg7 30. Rc1 Rxb2 31. Qxb2 Nc4 32. Qxg7+ Kxg7 33. Rxc4
h5 34. Nc3 e6 35. Rd4 Qb6 36. Rd3 f5 37. e5 dxe5 38. fxe5 Qa6 39. Ke2 g5 40. a4
Qb7 41. Nd1 Qe4+ 42. Ne3 f4 0-1

[Event "Lliga Catalana eq. DH"]
[Site "?"]
[Date "2014.03.01"]
[Round "6.9"]
[White "Vallverdu Miret, O."]
[Black "Colls Gelaberto, E."]
[Result "0-1"]
[WhiteElo "2193"]
[BlackElo "2270"]
[PlyCount "100"]
[EventDate "2014.??.??"]
[EventType "team"]
[EventCountry "ESP"]

1. d4 Nf6 2. Nf3 g6 3. g3 Bg7 4. Bg2 O-O 5. O-O c6 6. Nbd2 d5 7. Ne5 Bf5 8. c3
Nbd7 9. Ndf3 Re8 10. h3 Be4 11. Bf4 Nxe5 12. Nxe5 Bxg2 13. Kxg2 Nh5 14. Nd3
Nxf4+ 15. gxf4 f6 16. e3 e5 17. fxe5 fxe5 18. dxe5 Bxe5 19. Qg4 Bd6 20. Rae1
Re4 21. f4 Qe7 22. Rf3 Rf8 23. Qg5 Re8 24. Nf2 Rxf4 25. exf4 Qxg5+ 26. fxg5
Rxe1 27. Ng4 Be7 28. h4 Re2+ 29. Kf1 Re4 30. Nh6+ Kh8 31. Rf7 c5 32. Kf2 d4 33.
Kf3 Re1 34. Kf2 Re6 35. Rf3 b5 36. Nf7+ Kg7 37. Nh6 a5 38. a3 dxc3 39. Rf7+ Kh8
40. bxc3 c4 41. Kf1 b4 42. axb4 axb4 43. Rf4 Rc6 44. Re4 Rc7 45. Ke2 bxc3 46.
Kd1 Kg7 47. Kc2 Kf8 48. Kxc3 Bd6 49. Ng4 Bg3 50. Nf6 Bf2 0-1

[Event "Lliga Catalana eq. DH"]
[Site "?"]
[Date "2014.03.01"]
[Round "6.10"]
[White "Casanellas Ruano, L."]
[Black "Mora, J."]
[Result "1/2-1/2"]
[WhiteElo "2254"]
[BlackElo "1953"]
[PlyCount "81"]
[EventDate "2014.??.??"]
[EventType "team"]
[EventCountry "ESP"]

1. d4 d5 2. c4 e5 3. dxe5 d4 4. Nf3 Nc6 5. a3 Be6 6. b3 Nge7 7. Bb2 Ng6 8. Nxd4
Ncxe5 9. Nc3 Bc5 10. e3 O-O 11. Be2 Qg5 12. g3 Qe7 13. Nxe6 fxe6 14. Ne4 Rad8
15. Qc2 Nf3+ 16. Bxf3 Rxf3 17. Qe2 Rdf8 18. b4 Bd6 19. h4 Be5 20. h5 Bxb2 21.
Qxb2 Nh8 22. Rd1 Nf7 23. Rh4 Ng5 24. h6 Nxe4 25. Rxe4 Rxf2 26. Qxf2 Rxf2 27.
Kxf2 gxh6 28. Rdd4 e5 29. Rd5 Qf6+ 30. Kg2 Qa6 31. Rdxe5 Qxa3 32. Re8+ Kf7 33.
R8e7+ Kf8 34. Rxc7 Qxb4 35. Rf4+ Ke8 36. Rff7 Qd2+ 37. Kh3 Qxe3 38. Rxh7 Qe6+
39. Kg2 Qe2+ 40. Kg1 Qe1+ 41. Kg2 1/2-1/2

[Event "Lliga Catalana eq. DH"]
[Site "?"]
[Date "2014.03.01"]
[Round "6.10"]
[White "Fernandez Madrid, C."]
[Black "Vives Jaume, O."]
[Result "1-0"]
[WhiteElo "2281"]
[BlackElo "2213"]
[PlyCount "69"]
[EventDate "2014.??.??"]
[EventType "team"]
[EventCountry "ESP"]

1. d4 d5 2. Nf3 Nf6 3. g3 Bf5 4. Bg2 e6 5. O-O Nbd7 6. Nbd2 Be7 7. c4 c6 8. b3
h6 9. Bb2 O-O 10. Ne5 Qb6 11. Nxd7 Nxd7 12. e4 dxe4 13. Bxe4 Bxe4 14. Nxe4 Nf6
15. Re1 Rfd8 16. Qf3 Nxe4 17. Rxe4 Rd7 18. Rg4 h5 19. Re4 Bf6 20. Qxh5 g6 21.
Qf3 Bxd4 22. Bxd4 Rxd4 23. Rxd4 Qxd4 24. Rd1 Qb6 25. Rd7 Rf8 26. h4 Qa6 27. h5
Qxa2 28. Rxb7 c5 29. h6 Qa1+ 30. Kg2 Qc1 31. h7+ Kg7 32. Rxa7 Qc2 33. Rc7 e5
34. Re7 Kxh7 35. Rxe5 1-0

[Event "Lliga Catalana eq. DH"]
[Site "?"]
[Date "2014.03.01"]
[Round "6.10"]
[White "Gorgues Mateu, D."]
[Black "Marmol Soley, E."]
[Result "1-0"]
[WhiteElo "1865"]
[BlackElo "2152"]
[PlyCount "93"]
[EventDate "2014.??.??"]
[EventType "team"]
[EventCountry "ESP"]

1. e4 e6 2. Nf3 d5 3. Nc3 Nf6 4. d3 dxe4 5. Nxe4 Nxe4 6. dxe4 Qxd1+ 7. Kxd1 Bc5
8. Ke2 Nc6 9. Be3 Bxe3 10. Kxe3 Bd7 11. Bc4 h6 12. Rad1 Na5 13. Be2 Nc6 14. Rd2
O-O-O 15. Rhd1 e5 16. Bc4 f6 17. Rxd7 Rxd7 18. Be6 Rhd8 19. c3 Nb8 20. Nh4 Re8
21. Bxd7+ Nxd7 22. Nf5 g6 23. Nh4 Nf8 24. g3 Re6 25. f4 Rd6 26. Rxd6 cxd6 27.
f5 g5 28. Ng6 Nd7 29. h4 gxh4 30. gxh4 h5 31. Ne7+ Kc7 32. a4 Kd8 33. Nd5 Ke8
34. b4 Kf7 35. Nc7 Ke7 36. a5 a6 37. Ne6 b6 38. axb6 Nxb6 39. Nc7 Kd7 40. Nxa6
Kc6 41. Kd3 d5 42. Nc5 Kb5 43. exd5 Nxd5 44. Ne4 Ne7 45. Ng3 e4+ 46. Kxe4 Kc4
47. Nxh5 1-0

[Event "Lliga Catalana eq. DH"]
[Site "?"]
[Date "2014.03.01"]
[Round "6.10"]
[White "Jareño Badenas, A."]
[Black "Liarte Genoves, S."]
[Result "1-0"]
[WhiteElo "2212"]
[BlackElo "1989"]
[PlyCount "229"]
[EventDate "2014.??.??"]
[EventType "team"]
[EventCountry "ESP"]

1. e4 c5 2. Nc3 Nc6 3. Bb5 e6 4. Bxc6 bxc6 5. d3 d5 6. f4 g6 7. Nf3 Bg7 8. O-O
c4 (8... Ne7 $142) 9. d4 (9. dxc4) 9... dxe4 $2 (9... Ne7 $142) 10. Nxe4 Nf6
11. Nxf6+ Bxf6 12. Ne5 Qd5 13. c3 a5 14. Qa4 Bxe5 15. fxe5 Bb7 16. Bh6 O-O-O
17. Qc2 c5 18. Be3 cxd4 19. Bxd4 Rd7 20. Rf6 h5 21. Raf1 Rh7 22. Bb6 Qb5 23.
Rxe6 Bd5 24. a4 Qa6 25. Ref6 (25. Re8+) 25... Be6 26. Qf2 Kb7 27. Bc5 Qc6 28.
Bd6 Qb6 29. Bc5 Qc6 30. Rf4 Rh8 31. Bd6 Re8 32. Rd4 f5 33. Rfd1 g5 34. Qf3 Qxf3
35. gxf3 g4 36. fxg4 hxg4 37. h3 gxh3 38. Rh4 Rg8+ 39. Kf1 Rdg7 40. Rxh3 Rg1+
41. Ke2 R8g2+ 42. Kf3 Rxd1 43. Kxg2 Rd2+ 44. Kf1 Rxb2 45. Rh7+ Kc6 46. Rc7+ Kd5
47. Rc5+ Ke4 48. Rxa5 f4 49. Rb5 Ra2 (49... Rc2 $1) 50. Rb1 f3 (50... Kf3) 51.
Bc5 Bh3+ 52. Ke1 Re2+ 53. Kd1 Rh2 (53... Kd3 $3 $19) 54. a5 Kd5 $2 (54... Kd3
$1 $19) 55. Bg1 Rh1 (55... f2) 56. Kd2 f2 $4 (56... Rxg1 $1 57. Rxg1 f2 $19)
57. Rb5+ Kc6 $2 (57... Ke4) 58. Rb6+ Kd5 59. Bxf2 Kxe5 60. a6 Ra1 61. a7 Ra2+
62. Kc1 Bg2 63. Bd4+ Kf5 64. Rf6+ Ke4 65. Re6+ (65. Rf2) 65... Kf5 66. Re8 Bh1
67. Re5+ Kg6 68. Rb5 Kf7 69. Rb4 Bd5 70. Kb1 Ra3 71. Kc1 Ra2 $1 72. Rb5 Ke6 73.
Rb6+ Kd7 74. Rh6 Be4 75. Rh4 Bd5 76. Kb1 Ra4 77. Kb2 Ba8 78. Bc5 Bd5 79. Rh6
Bf3 80. Bb4 Be4 81. Rd6+ Kc7 82. Rd4 Bd3 $2 (82... Bc6 $142 $1 83. Bc5 (83.
Rxc4 Rxa7 $11) 83... Ra5 84. Rxc4 Bd5 85. Bb4+ Bxc4 86. Bxa5+ Kb7 $11) 83. Bc5
Kc6 84. Rd8 Kxc5 85. a8=Q Rxa8 86. Rxa8 Kb5 87. Ka3 Bc2 88. Rg8 Bb3 89. Rg5+
Kc6 90. Kb4 Kd6 91. Rg4 Ba2 92. Rd4+ Kc7 93. Kc5 Bb3 94. Rd6 Ba2 95. Ra6 Bb3
96. Ra7+ Kc8 97. Kc6 Kd8 98. Rd7+ Kc8 99. Rd4 Ba2 100. Rh4 Kd8 101. Rh8+ Ke7
102. Kc7 Bb1 103. Rh1 Bd3 104. Re1+ Kf6 105. Kd6 Kf7 106. Kd5 Kf6 107. Re6+ Kf7
108. Rc6 Be2 109. Rxc4 Bxc4+ 110. Kxc4 Ke7 111. Kc5 Kd7 112. Kb6 Kd6 113. c4
Kd7 114. c5 Kd8 115. Kb7 1-0

[Event "Lliga Catalana eq. DH"]
[Site "?"]
[Date "2014.03.01"]
[Round "6.10"]
[White "Lopez Forn, M."]
[Black "De la Fuente Clemente, C."]
[Result "1-0"]
[WhiteElo "2176"]
[BlackElo "1975"]
[PlyCount "62"]
[EventDate "2014.??.??"]
[EventType "team"]
[EventCountry "ESP"]

1. e4 e5 2. Nf3 Nf6 3. Bc4 Bc5 4. O-O d6 5. b4 Bb6 6. a4 a6 7. d4 Qe7 8. Bg5 h6
9. Bh4 g5 10. Bg3 Bg4 11. dxe5 dxe5 12. Qd3 Nbd7 13. Nbd2 Rd8 14. Qc3 Bxf3 15.
Qxf3 h5 16. h4 Ng4 17. hxg5 h4 18. Qxg4 hxg3 19. Qxg3 Nf8 20. Nf3 Ng6 21. Rad1
c6 22. Qg4 Nf4 23. Qf5 Bc7 24. Rxd8+ Kxd8 25. Rd1+ Ke8 26. Bxf7+ Kf8 27. Rd7
Ne2+ 28. Kf1 Nd4 29. Nxd4 Rh1+ 30. Ke2 Re1+ 31. Kf3 Qxb4 1-0